How to: teach speaking
Đã lưu trong:
| Tác giả chính: | |
|---|---|
| Định dạng: | Sách |
| Ngôn ngữ: | Tiếng Anh |
| Được phát hành: |
Essex
Pearson Education
2007
|
| Phiên bản: | 4a. ed |
| Những chủ đề: | |
| Các nhãn: |
Thêm thẻ
Không có thẻ, Là người đầu tiên thẻ bản ghi này!
|
MARC
| LEADER | 00000nam a2200000 a 4500 | ||
|---|---|---|---|
| 001 | UCI7066 | ||
| 003 | CL-VaPUC | ||
| 008 | 080605e20070000uk |||||||||||||||||eng|d | ||
| 020 | |a 9780582853591 | ||
| 082 | 0 | 4 | |a 428.007 |b THO |2 21 |
| 100 | 0 | |a Thornbury, Scott |e author |9 530181 | |
| 245 | 1 | 0 | |a How to: teach speaking |
| 250 | |a 4a. ed | ||
| 300 | |a 156 p | ||
| 942 | |c BK | ||
| 945 | |d 20080605 00:00:00 |a jtorresc | ||
| 260 | |a Essex |b Pearson Education |c 2007 | ||
| 650 | 0 | |a Enseñanza del inglés |9 367340 | |
| 650 | 0 | |a Métodos de enseñanza |9 270413 | |
| 650 | 0 | |a Lengua inglesa |9 318842 | |
| 583 | |a last modification |c 20171204 01:49:32 |k Rodrigo Vera | ||
| 999 | |c 330465 |d 330463 | ||
| 952 | |0 0 |1 0 |4 0 |6 428_007000000000000_THO_2007 |7 0 |8 A |9 416022 |a BIBEDU |b BIBEDU |d 2019-11-22 |i 444695K |o 428.007 THO 2007 |p 444695K |r 2019-11-22 |w 2019-11-22 |y BK |k LIT | ||